01084cam a22002895a 45000010009000000050017000090080041000260200031000670200028000980400033001260820021001591000025001802450092002052500012002972600047003093000050003565000024004065000073004306500036005036510010005396530021005496550024005707000021005949420021006159990017006369520141006531810235320150614112548.0140404t2014 nyuadk fr 001 0 eng d a9780071837743 (alk. paper) a0071837744 (alk. paper) aDLCbengcDLCdDLCdEG-ScBUE04a650.144222bBLO1 aBlock, Jay A.93815310aGreat answers, great questions for your job interview /cJay A. Block & Michael Betrus. a2nd ed. aNew York :bMcGraw Hill Education,cc.2014 avi, 264 p. :bcharts, forms, tables ;c23 cm. aIndex : p. 259-264. aBest selling authors of 101 best cover letters and 101 best Resumes. 0aEmployment interviewing.2BUEsh 2BUEsh bCOMAMEcJune2015 vreading book9342321 aBetrus, Michael. 2ddck650.144 BLO c19589d19561 00102ddc40708AlahramaMAINbMAINc1STd2015-06-11ePurchaseg113.00h330l0o650.144 BLOp000038625r2025-07-15 00:00:00v141.25yBB